000 02031cam a2200169 4500500
005 20260201093508.0
041 _afre
042 _adc
100 1 0 _aFlahault, François
_eauthor
245 0 0 _aSpinoza au XXIe siècle
260 _c2009.
500 _a21
520 _aRésuméSi, rétrospectivement, la période des Trente Glorieuses (1945-1975) apparaît comme tout à fait exceptionnelle dans le cours du développement du capitalisme, au point, qu’à bien des égards, elle fait même figure d’anomalie historique, le rôle que les deux guerres mondiales du XXe siècle et les transformations durables dont elles ont été à l’origine ont joué sur cette phase de croissance demeurent, aujourd’hui encore, fortement sous-estimés par les économistes. La thèse défendue dans cet article est que les deux conflits mondiaux ont joué un rôle tout à fait déterminant dans la transformation du capitalisme et dans la genèse et la mise en place du nouveau cadre institutionnel qui a piloté les régimes de croissance après 1945.
520 _aAbstract « Wars, transformation of capitalism and economic growth »In retrospect, the thirty-year boom period after World War II (1945-1975) sounds quite exceptional in the course of the development of capitalism, so that in many respects, it can be looked as a historical abnormality. The two world wars in the 20 th century and the lasting changes that they originated have played a major role in that growth period, but this role has been, until now, highly underestimated by the economists. This paper advocates the thesis that the two world conflicts were an absolutely deciding factor in the transformation of capitalism and in the birth and implementation of the new institutional background which has surrounded the growth regimes after 1945.
786 0 _nL'Homme & la Société | 170-171 | 4 | 2009-05-01 | p. 251-262 | 0018-4306
856 4 1 _uhttps://shs.cairn.info/revue-l-homme-et-la-societe-2008-4-page-251?lang=fr&redirect-ssocas=7080
999 _c1640723
_d1640723